• 首页
  • 本馆介绍
  • 公告通知
  • 最新文献
  • 馆藏检索
  • 电子资源
  • 读者导购
  • 参考咨询
  • 我的图书馆
  • 登录
  • 详细信息显示
  • 放入我的书架
  • 预约/预借图书
  • 作者相关作品
  • 分类相关作品
  • 丛书相关作品
  • 出版社相关作品

书目信息

  • 表格格式
  • 工作单格式
  • 卡片格式
题名:
百年谎言
    
 
作者: 菲茨杰拉德 著 ;但汉松 , 董苹 译
分册:  
出版信息: 北京   北京师范大学出版社  2007
页数: 247页
开本: 24cm
丛书名:
单 册:
中图分类: R155.5 , R452
科图分类:
主题词: 食品卫生--基本知识 , 用药法--基本知识 , 食品卫生 , 用药法
电子资源:
ISBN: 978-7-303-08539-2
000 01466nam0 2200337 45
001 1029821945
005 20100429093257.70
010    @a978-7-303-08539-2@dCNY32.00
100    @a20100419d2007 em y0chiy50 ea
101 1  @achi@ceng
102    @aCN@b110000
105    @ay z 000yy
106    @ar
200 1  @a百年谎言@ABai Nian Huang Yan@e食物和药品如何损害你的健康@EShi Wu He Yao Pin Ru He Sun Hai Ni De Jian Kang@dThe hundred-year lie:how food and medicine are destroying your health@f(美)兰德尔·菲茨杰拉德(Randall Fitzgerald)著@F( Mei ) Lan De Er· Fei Ci Jie La De (Randall Fitzgerald) Zhu@g但汉松,董苹译@zeng
210    @a北京@c北京师范大学出版社@d2007
215    @a247页@d24cm
305    @a由Waterside公司授权出版
330    @a本书作者以冷静的视角预告了愈演愈烈的公共健康危机,不仅指出人类在这一空前的化学冲击波下所面临的种种问题,而且提示人们该如何从日常生活细节做起来扭转这一不利局面。
510 1  @aHundred-year lie@ehow food and medicine are destroying your health@zeng
517 1  @a食物和药品如何损害你的健康@AShi Wu He Yao Pin Ru He Sun Hai Ni De Jian Kang
606 0  @a食品卫生@x基本知识
606 0  @a用药法@x基本知识
606 0  @a食品卫生
606 0  @a用药法
690    @aR155.5@v4
690    @aR452@v4
701  1 @a菲茨杰拉德@AFei Ci Jie La De@g(Fitzgerald, Randall)@4著
702  0 @a但汉松@ADan Han Song@4译
702  0 @a董苹@ADong Ping@4译
801  0 @aCN@bTANGWEI@c20100429
905    @b0592679-83@dR155.5@e97@f5
    
    百年谎言:食物和药品如何损害你的健康=The hundred-year lie:how food and medicine are destroying your health/(美)兰德尔·菲茨杰拉德(Randall Fitzgerald)著/但汉松,董苹译.-北京:北京师范大学出版社,2007
    247页;24cm
    
    
    ISBN 978-7-303-08539-2:CNY32.00
    本书作者以冷静的视角预告了愈演愈烈的公共健康危机,不仅指出人类在这一空前的化学冲击波下所面临的种种问题,而且提示人们该如何从日常生活细节做起来扭转这一不利局面。
●
相关链接 在E读中查询图书 在五车中查询图书 在当当中查询图书 在豆瓣中查询图书


正题名:百年谎言     索取号:R155.5/97         预约/预借

序号 登录号 条形码 馆藏地/架位号 状态 备注
1 0592679   205926792   第二样本阅览室/ [索取号:R155.5/97] 在馆    
2 0592680   205926809   密集书库-生命科学系/ [索取号:R155.5/97] 在馆    
3 0592681   205926818   第三借阅区/ [索取号:R155.5/97] 在馆    
4 0592682   205926827   第三借阅区/ [索取号:R155.5/97] 在馆    
5 0592683   205926836   第三借阅区/ [索取号:R155.5/97] 在馆    
唐山师范学院图书馆 欢迎您!
大连网信软件有限公司© 版权所有